| 000 | 01168nam2a2200325 4500 | ||
|---|---|---|---|
| 001 | RU\NLR\bibl\1397974 | ||
| 005 | 20250615203028.0 | ||
| 010 |
_a978-5-87854-471-1 _9100 |
||
| 021 |
_aRU _b2009-42554 _92586 |
||
| 035 | _a(nilc)RSL-KNO-004325641 | ||
| 035 | _a(NLR Aleph) 001389992 | ||
| 090 |
_a1155978 _c1155978 |
||
| 100 | _a20090515d2009 |||y0rusy50 ca | ||
| 101 | 0 | _arus | |
| 102 | _aRU | ||
| 105 | _aa zzzz||||| | ||
| 200 | 0 | _a1 | |
| 210 |
_d2009 _aБ. м. |
||
| 215 |
_a81 с. _cил., табл. |
||
| 320 | _aБиблиогр.: с. 81 (32 назв.) | ||
| 461 | 0 |
_1001RU\NLR\bibl\1965985 _12001#$a[Краткий курс астрономии$v1 _93746055 _aФесенко, Б. И. _cПсков _d2009 _fБ. И. Фесенко _nПГПУ _oприложение : учебное пособие] _t[Краткий курс астрономии _v1 |
|
| 606 | 1 |
_aАстрономия _jУчебные издания _9948735 _3RU\NLR\auth\6633617 |
|
| 686 |
_aВ6я7-1 _2rubbk |
||
| 686 | _aВ6я7 | ||
| 801 | 0 |
_aRU _bРКП _c20090515 _grcr |
|
| 801 | 1 |
_aRU _bРГБ _c20090515 |
|
| 801 | 2 |
_aRU _bNLR _c20090804 _grcr |
|
| 942 | _cBOOK | ||
| 980 | _aNB | ||